000 00981nas a2200301 4500
001 BR0400023
003 BR-BrBNA
005 20231205104242.0
007 ta
008 230509b bl.|||p| |||| 00| 00por d
040 _aBR-BrBNA
_bpor
_cBiblioteca Nacional de Agricultura
041 _a(Pt)
072 _aH20; P33
100 1 _aSouza, N.L. de
100 1 _aBueno, C.J.
245 1 _aSobrevivência de clamidosporos de Fusarium oxysporum f.sp. lycopersici raça 2 e escleródios de Scleyotium rolfsii em solo solarizado incorporado com matéria orgânica
650 _aCOUVE
650 _aMAMONA
650 _aMURCHA DE FUSARIUM
650 _aSCLEROTIUM ROLFSII
650 _aMATÉRIA ORGÂNICA
650 _aTEMPERATURA DO SOLO
650 _aPOLIETILENO
650 _aSÃO PAULO
773 0 _tSumma Phytopathologica (Brazil)
_xISSN 0100-5405
_g(Apr-Jun 2003), v. 29(2) p. 153-160
_wBR0400023
909 _a202311
_bLúcia
_c55
_dLúcia Elande
942 _2AGRIS
_n0
_cANA
999 _c177180
_d177180